| 000 | 004930000a22001930004500 | ||
|---|---|---|---|
| 001 | 003065 | ||
| 003 | MACL | ||
| 005 | 20150711151200.0 | ||
| 008 | 150711b xxu||||| |||| 00| 0 eng d | ||
| 040 |
_aMACL _cMACL |
||
| 041 | _aEnglish | ||
| 082 | _a320/NAV | ||
| 100 |
_aNautiyal, Sarojani _91782 |
||
| 245 |
_aPremchandra And Indian Nationalism _cSarojani Nautiyal |
||
| 260 |
_aDelhi _c2001 _bIBA Publications, |
||
| 350 | _a250 | ||
| 650 |
_aPolitical Science _988 |
||
| 942 |
_k320 _cBK _2ddc |
||
| 999 |
_c14971 _d14971 |
||